| 000 | 00803nam a22002297a 4500 | ||
|---|---|---|---|
| 008 | 240604b mp ||||| |||| 00| 0 mon d | ||
| 020 | _a978-99929-0-343-0 | ||
| 035 | _a5048 | ||
| 040 |
_aDA0445040 _bmon _cMN-UlNLM _dMN-UlNLM _erda |
||
| 041 | _amon | ||
| 042 | _a15247 | ||
| 082 |
_221 _a927.80436 _bК.795 |
||
| 100 | _aКремнев Б. | ||
| 245 | 0 | _aВольфганг Амадей Моцарт | |
| 264 |
_aУлаанбаатар _bМонсудар ХГ _c2009 |
||
| 300 | _a328 х. | ||
| 336 |
_2rdacontent _atext _btxt |
||
| 337 |
_2rdamedia _aunmediated _bn |
||
| 338 |
_2rdacarrier _avolume _bnc |
||
| 650 | _aДэлхийн сод хүмүүс, Моцарт, Моцартын уран бүтээл, Моцартын амьдрал, Моцартын тухай ... | ||
| 942 |
_210-t _cBK |
||
| 999 |
_c741434 _d741491 |
||